Statistiques concernant Capitales les plus proches

Cliquez ici pour prendre le quiz!

Statistiques générales

  • Ce quiz a été pris 83 fois
  • Le résultat moyen est 12 sur 20

Statistiques - réponses

villecapitale à proximité% Correct
EdinbourgDublin
92%
MarseilleMonaco
84%
BarceloneAndorre-la-Vieille
83%
SévilleLisbonne
81%
CalaisLondres
80%
FrancfortLuxembourg
73%
StrasbourgBerne
69%
Saint-PétersbourgHelsinki
68%
PalermeLa Valette
64%
FlorenceSaint-Marin
64%
VeniseLjubljana
61%
GeneveBerne
52%
GöteborgCopenhague
51%
MilanVaduz
51%
DresdePrague
45%
NuremburgPrague
40%
DortmundAmsterdam
39%
DubrovnikPodgorica
37%
TórshavnReykjavik
24%
SalzbourgLjubljana
23%

Distribution des résultats

Percentile par nombre de réponses

% des personnes avec chaque résultat

Votre développement - résultats

Vous n’avez pas pris ce quiz